Guess the Minecraft Mob - Statistics

General Stats
  • This quiz has been taken 278 times
    276 since last reset
  • The average score is 41 of 80
Answer Stats
Hint Answer % Correct
Can Be Bred Using Many Different Vegitables Such as Beetroots, Carrots and Potatoes Pig
93%
If Attacked, Every one of its Species within a 100 block radius will attack Zombie
89%
Can Place & Pick up Certain Blocks Enderman
84%
Has A Chance of Spawning with Either a Crossbow or a Golden Sword Piglin
84%
Has an 11% Chance to Spawn Left-Handed Skeleton
81%
Can be Spawned Using 4 Soul Sand Blocks and 3 Wither Skulls Wither
75%
Is The Final Boss of Minecraft According to Mojang Ender Dragon
74%
Is an Attempted Pig Design Creeper
72%
Will Attack Sheep if it's Not Tamed Wolf
70%
Can Only Spawn If you Agrovate a Sculk Shreiker 4 Times Warden
68%
Has a 5% Chance of spawning after throwing an Ender Pearl Endermite
67%
Can Shoot out Ink when Attacked Squid
67%
Can use Potions to Heal Itself Witch
67%
Is the Only Mob That Can Be Milked Cow
66%
The Item it Drops Can Be Used For Leads, Sticky Pistons And Magma Cream Slime
65%
Has a Chance of Spawning With the Invisiblity, Strength, Regeneration or Speed Effect Spider
65%
Is the Most Common Mob to Spawn in Raids Pillager
64%
Can Naturally Spawn in Villages And Swamp Huts Cat
63%
Can Spawn inside of Cages In Pillager Outposts Iron Golem
63%
Will Be Poisoned if Fed a Cookie Parrot
63%
Will Only Naturally Spawn Via Spawner in Mineshafts Cave Spider
61%
Can Give More Wool When Sheared Instead of Killed Sheep
61%
Will Only Spawn if you Haven't Slept for 3 Days Straight Phantom
59%
Can Infest Different Stone Blocks Like Stone Bricks, Stone or Cobblestone Silverfish
59%
The Item it Drops can Be Used for Brewing Stands, Eyes of Ender And Magma Cream Blaze
58%
Can Lay Eggs But As Items And Not Blocks Chicken
58%
Its Stone Sword Can Give Its Enemy the Wither Effect When it Attacks It Wither Skeleton
58%
If Given an Item, It Will Pick up more of Whom if it can Find it on the Ground Allay
57%
Can only Spawn in Lush Cave Biomes Axolotl
57%
Has the Word "Glow" in Its Name But Does not Actually Glow Glow Squid
57%
Its Golden Axe is Stronger than an Ordinary Golden Axe Piglin Brute
57%
Has a 6.25% Chance of Spawning with a Trident in Its Hands Drowned
56%
Can Multiply when Killed and can Only Spawn in the Nether Magma Cube
56%
Can Lay Eggs Near the Beach Turtle
56%
Will Run Away From Nether Portals Hoglin
54%
Will Usually Spawn in Mountains And Hills And Can Spit at Its Enemy to Defend Itself Llama
54%
Can Shoot Lasers Out of Its Eye And Drops Prismarine Crystals when Killed Guardian
53%
Will Randomly Spawn And Can Trade with the Player Wandering Trader
53%
Can Change the Color of Blue Sheep to Red Evoker
51%
Will Die if Spawned in a Hot Biome Such as the Nether, Desert or Savanna Snow Golem
51%
Is the Only Mob That Can Drop a Wet Sponge When Killed Elder Guardian
50%
When Spawned, It Has a Chance to have a Personality Such as Playful, Lazy or Aggresive Panda
50%
Can be found Standing on Another One of its Species Strider
50%
Its Sound Files are Made by the Audio Composer's (C418) Cat Ghast
49%
Is the Most Common Mob to Spawn in Woodland Mansions Vindicator
49%
Will Drop Its Horn if it Rams Into a Solid Block Goat
48%
Has 2,700 Naturally Spawning Varients of it Tropical Fish
48%
Can Be Created by Bringing a Hoglin to the Overworld Zoglin
48%
Can Be Bred if Fed Cacti Camel
47%
If It Eats a Magma Cube it Will Produce a Certain Light Block Frog
47%
Can Only be Found in Raids Ravager
47%
It Can Spawn With 15-30 HP Horse
44%
It Can Only Spawn on Mushroom Islands Mooshroom
44%
Can Be Spawned when Breeding a Donkey and a Horse Together Mule
44%
Doesn't Drop Anything When Killed and can Only spawn in Closed off Dark Areas Bat
42%
Has a Chance of Spawning When Lightning Strikes Skeleton Horse
42%
Can Have up to 2 Chest Placed on It To Store Items Donkey
41%
It Can Carry and Use Any Item in Its Mouth Fox
41%
When Cooked, Its Texture Will Not have any Changes Other Than Its Color Salmon
41%
When Cooked, Its Texture Will Have Many Changes Like How Its Spine And Bones Become Visible Cod
40%
Can Spawn on Jungle Trees Ocelot
40%
Can Multiply if it Attacks itself with its Own Projectile Shulker
39%
A Horse Varient That Cannot Naturally Spawn Zombie Horse
39%
Can Be Created By Smiting a Pig With Lightning Zombified Piglin
39%
Will Attack the Player if it Comes Near Its Baby Polar Bear
38%
Will Give the Player the Hunger Effect when it Attacks it Husk
36%
Can Steel Carrots Planted in the Ground Rabbit
36%
Has won the Minecraft 1.20 Mob vote and Will be added in 2023 Sniffer
36%
Is the Offspring of a Frog Tadpole
35%
Can Be Created when a Skeleton Freezes in Powdered Snow Stray
34%
Is the Main Ingrediant for Water Breathing Potions Pufferfish
30%
Has Had Its Texture Changed in one of the 1.19.3 Vex
29%
Will Play Around With Dropped Items Dolphin
28%
2 of It Will Spawn With a Wandering Trader Trader Llama
28%
It Lives Inside of a Block Wich Can Fit 3 of It Bee
26%
It Can Create Fake Clones of Itself to Hide Illusioner
23%
Can Become a Villager if Given a Golden Apple and a Weakness Potion Zombified Villager
22%
It Can Only Be Created by Smiting a Mooshroom with lightning Brown Mooshroom
21%
Can Spawn in Villages with a Profession wich Affects What Items it can Trade with You Villagers
14%
It Used to be Able to Spawn in the Indev Versions of Minecraft Giant
13%
No matching quizzes found
Score Distribution
Percent of People with Each Score
Percentile by Number Answered
Your Score History
You have not taken this quiz since the last reset